Die 206 beliebtesten ♂ ♀ Vornamen in Irland - Statistiken

Allgemein
  • Dieses Quiz wurde 33 mal gespielt
  • Das Durchschnittsergebnis liegt bei 49 aus 208
Antwortstatistiken
♀ / ♂ Name % Korrekt
Jungen - - > | Mädchen - - > ⤵️
100%
J4 John
71%
M4 Mary
67%
S4 Séan
67%
A3 Ann
63%
A4 Anna
63%
M7 Michael
63%
E4 Emma
58%
P4 Paul
58%
T3 Tom
58%
A4 Alex
54%
H5 Harry
54%
J5 James
54%
L3 Leo
54%
M3 Mia
54%
C7 Charlie
50%
D5 Danny
50%
E4 Ella
50%
E3 Eva
50%
H6 Hannah
50%
M5 Maria
50%
N4 Noah
50%
P7 Patrick
50%
S6 Sophie
50%
B3 Ben
46%
C5 Chloe
46%
C4 Clara
46%
E5 Emily
46%
J4 Jack
46%
L4 Leon
46%
L4 Luke
46%
S3 Sam
46%
W7 William
46%
A5 Aaron
42%
A3 Ada
42%
A6 Amelia
42%
E9 Elizabeth
42%
E6 Emilia
42%
F4 Finn
42%
G5 Grace
42%
J5 Julia
42%
L5 Louis
42%
M3 Max
42%
O6 Olivia
42%
R4 Rose
42%
S5 Sarah
42%
Z3 Zoe
42%
A3 Ava
38%
C9 Charlotte
38%
G6 George
38%
K4 Kate
38%
L4 Lucy
38%
M6 Millie
38%
M6 Mollie
38%
M5 Molly
38%
S6 Sophia
38%
A5 Alice
33%
D5 David
33%
E3 Eve
33%
H5 Henry
33%
I8 Isabella
33%
I8 Isabelle
33%
L4 Luca
33%
P6 Phoebe
33%
R6 Robert
33%
S5 Susan
33%
T4 Theo
33%
A9 Alexander
29%
A6 Arthur
29%
B8 Benjamin
29%
E5 Ellie
29%
H6 Hailey
29%
I3 Ivy
29%
J6 Joseph
29%
L4 Leah
29%
L4 Lily
29%
M7 Matthew
29%
M4 Maya
29%
O6 Oliver
29%
Z4 Zara
29%
A4 Adam
25%
A4 Aria
25%
C11 Christopher
25%
D6 Daniel
25%
E4 Erin
25%
H5 Holly
25%
L5 Laura
25%
L4 Luna
25%
M4 Mila
25%
S6 Samuel
25%
A7 Abigail
21%
B5 Bella
21%
C4 Cara
21%
C9 Catherine
21%
D5 Dylan
21%
E4 Eala
21%
F5 Freya
21%
H6 Harper
21%
I4 Isla
21%
J5 Jacob
21%
J5 Jamie
21%
J7 Jessica
21%
K5 Katie
21%
L5 Lucas
21%
M6 Martin
21%
O5 Oscar
21%
R5 Rosie
21%
R4 Ryan
21%
T6 Thomas
21%
A7 Anthony
17%
A5 Aoife
17%
A4 Ayla
17%
B5 Billy
17%
B5 Bobby
17%
E6 Evelyn
17%
E4 Evie
17%
G7 Georgia
17%
H5 Hazel
17%
H6 Helena
17%
H6 Jayden
17%
K3 Kai
17%
M8 Margaret
17%
N6 Nathan
17%
N4 Nina
17%
R4 Rory
17%
R4 Ruby
17%
S5 Sofia
17%
T5 Tommy
17%
A5 Annie
13%
C6 Callum
13%
C6 Cathal
13%
C5 Conor
13%
C4 Cora
13%
E5 Ethan
13%
F7 Freddie
13%
I5 Isaac
13%
J6 Joshua
13%
L6 Lauren
13%
L5 Layla
13%
R5 Robyn
13%
R5 Ronan
13%
S7 Saoirse
13%
W6 Willow
13%
A5 Aidan
8%
A5 Alfie
8%
B7 Bridget
8%
B6 Brigid
8%
C7 Caoimhe
8%
C7 Cillian
8%
D7 Darragh
8%
E5 Elsie
8%
M5 Mason
8%
P5 Penny
8%
R4 Rian
8%
A6 Archie
4%
B5 Blake
4%
B6 Bonnie
4%
C4 Cian
4%
C5 Ciara
4%
D5 Daisy
4%
E4 Evan
4%
F5 Fionn
4%
H5 Heidi
4%
H4 Hugo
4%
I5 Indie
4%
J4 Jake
4%
J4 Joey
4%
K6 Kayden
4%
M5 Méabh
4%
N5 Niamh
4%
O6 Odhran
4%
O5 Oisin
4%
R6 Roisin
4%
S5 Sadie
4%
T5 Tadgh
4%
T5 Tomas
4%
Z4 Zach
4%
A6 Ailbhe
0%
A7 Alannah
0%
A7 Aoibhin
0%
A4 Arlo
0%
A4 Ayda
0%
B5 Brody
0%
C7 Clodagh
0%
C4 Cody
0%
C5 Croia
0%
D6 Daithi
0%
D8 Donnacha
0%
E5 Eabha
0%
F4 Faye
0%
F5 Fiadh
0%
F7 Frankie
0%
L5 Logan
0%
M5 Maeve
0%
M6 Maisie
0%
M8 Muhammad
0%
O5 Ollie
0%
P5 Paidi
0%
S6 Sadhbh
0%
S5 Senan
0%
S4 Shay
0%
S6 Sienna
0%
S5 Sonny
0%
T5 Tadhg
0%
T5 Teddy
0%
T8 Theodore
0%
T7 Tiernan
0%
Keine übereinstimmenden Quizze gefunden
Verteilung der Resultate
Anzahl Personen mit jedem Resultat
Perzentil nach korrekt beantworteten Fragen
Ihre Resultats-Entwicklung
Sie haben dieses Quiz noch nicht gespielt